000 00723nam a2200241Ia 4500
003 OSt
005 20220926014831.0
006 a|||||r|||| 00| 0
007 ta
008 220923b |||||||| |||| 00| 0 eng d
037 _cGeneral Book
040 _aRTL
_cRTL
_beng
041 _2eng
_aeng
082 _aV791.N7, L2
100 _aFrank Andre Gunder
245 0 _aLumpenbourgeoisie
_b Lumpen development Dependence, class , and politics in Latin America
260 _aNew York
_bMonthly Review
_c1972
300 _a151p.
_ccm.
500 _aBibliography: P 146-51
650 _aOther Countries
_9231018
942 _hV791.N7, L2
_cGB
_2CC
999 _c629965
_d629965